Online Catalogue and eLibrary

Feminist Theaters in the U.S.A : (Record no. 3073)

MARC details
000 -LEADER
fixed length control field 00504nam a2200157Ia 4500
005 - DATE AND TIME OF LATEST TRANSACTION
control field 20240925013053.0
008 - FIXED-LENGTH DATA ELEMENTS--GENERAL INFORMATION
fixed length control field 240331s9999 xx 000 0 und d
020 ## - INTERNATIONAL STANDARD BOOK NUMBER
ISBN 041509805X
082 ## - DDC Classification
Item Number - Author Mark CAN
Class No. 792
100 ## - MAIN ENTRY--PERSONAL NAME
Personal name Canning, C
245 #0 - TITLE STATEMENT
Title Feminist Theaters in the U.S.A :
Remainder of title staging women's experience
260 ## - PUBLICATION, DISTRIBUTION, ETC.
Place of publication, distribution, etc. London
Name of publisher, distributor, etc. Routledge
Date of publication, distribution, etc. 1996
300 ## - PHYSICAL DESCRIPTION
Extent (e.g. Volumes, Pages etc.) x, 271 p .,
500 ## - GENERAL NOTE
General note Feminist Theaters in the U.S.A. is a fresh, informative portrait of a key era in feminist and theater history.
942 ## - Koha item type (Biblio)
Koha item type Books in Stacks (Lending)
Holdings
Lost status Damaged status Collection code Home library Current library Shelving location Date acquired Full call number Accession Number Item type
    Lending WERC Library WERC Library Social Science Cupboard 03/31/2024 792 CAN 5178 Books in Stacks (Lending)

© WERC Library